Ohio Former and Current Municipalities - Statistics

General Stats
  • This quiz has been taken 5 times
  • The average score is 214 of 4416
Answer Stats
Municipality % Correct
Akron
100%
Canton
100%
Cincinnati
100%
Columbus
100%
Cleveland
67%
Cuyahoga Falls
67%
Dayton
67%
Dover
67%
Kent
67%
Lorain
67%
Massillon
67%
Parma
67%
Springfield
67%
Youngstown
67%
Alba
33%
Albany
33%
Alexander
33%
Alexandria
33%
Alliance
33%
Anderson
33%
Arlington
33%
Ashland
33%
Ashtabula
33%
Atlanta
33%
Avon
33%
Avon Lake
33%
Bay
33%
Birmingham
33%
Bloom
33%
Bloomington
33%
Boston
33%
Boston/Helltown
33%
Bowling Green
33%
Brewster
33%
Bristol
33%
Brown
33%
Browns
33%
Buck
33%
Buffalo
33%
Burlington
33%
Center
33%
Centerville
33%
Cherokee
33%
Chester
33%
Clark
33%
Clarksville
33%
Clay
33%
Clayton
33%
Cleveland Heights
33%
Clinton
33%
Columbia
33%
Copley
33%
Dublin
33%
East
33%
Elyria
33%
Erie
33%
Euclid
33%
Fairfield
33%
Fairlawn
33%
Fairview
33%
Fayette
33%
Findlay
33%
Flint
33%
Frankfort
33%
Franklin
33%
Fresno
33%
Georgetown
33%
Grand
33%
Grant
33%
Green
33%
Greene
33%
Greenland
33%
Houston
33%
Jackson
33%
Jacksonville
33%
Jamestown
33%
Jefferson
33%
Johnson
33%
Kansas
33%
Kelleys Island
33%
Kettering
33%
Kingston
33%
Lafayette
33%
Lebanon
33%
Lexington
33%
Lima
33%
Liverpool
33%
London
33%
Madison
33%
Manchester
33%
Mason
33%
Mayfield
33%
Mead
33%
Medina
33%
Miami
33%
Middletown
33%
Milford
33%
Mill
33%
Miller
33%
Milton
33%
Navarre
33%
Newport
33%
North
33%
Oakland
33%
Ohio
33%
Ohio City
33%
Oregon
33%
Oxford
33%
Paris
33%
Peru
33%
Put-in-Bay
33%
Remington
33%
Rice
33%
Richland
33%
Richmond
33%
Richmond Heights
33%
Richville
33%
Rio Grande
33%
Riverside
33%
Rome
33%
Saint Joseph
33%
Saint Marys
33%
Saint Paul
33%
Salem
33%
Sandusky
33%
Smith
33%
St. Joseph
33%
Stow
33%
Summit
33%
Texas
33%
Toledo
33%
Trenton
33%
Twin
33%
Twinsburg
33%
Vincent
33%
Washington
33%
Wayne
33%
West
33%
Westville
33%
Winchester
33%
Xenia
33%
York
33%
Yorktown
33%
Zane
33%
Zanesville
33%
Abanaka
0%
Abbeyville
0%
Abbottsville
0%
Aberdeen
0%
Achor
0%
Ada
0%
Adams
0%
Adams Mills
0%
Adamsville
0%
Addison
0%
Addyston
0%
Adelphi
0%
Adena
0%
Adrian
0%
Advance
0%
Africa
0%
Afton
0%
Ai
0%
Aid
0%
Airhill
0%
Albion
0%
Alcony
0%
Alert
0%
Alger
0%
Alikanna
0%
Alledonia
0%
Allen
0%
Allen Center
0%
Allensburg
0%
Allensville
0%
Allentown
0%
Alma
0%
Alum Creek
0%
Alvada
0%
Alvordton
0%
Amanda
0%
Amberley
0%
Amboy
0%
American
0%
Ames
0%
Amesville
0%
Amherst
0%
Amity
0%
Amlin
0%
Amsden
0%
Amsterdam
0%
Andersonville
0%
Andover
0%
Angus
0%
Ankenytown
0%
Anna
0%
Annapolis
0%
Ansonia
0%
Antioch
0%
Antiquity
0%
Antrim
0%
Antwerp
0%
Anvil
0%
Apple Creek
0%
Apple Grove
0%
Appleton
0%
Apple Valley
0%
Aquilla
0%
Arcadia
0%
Arcanum
0%
Archbold
0%
Archer
0%
Archers Fork
0%
Arlington Heights
0%
Armstrongs Mills
0%
Arnheim
0%
Arnold
0%
Artanna
0%
Arthur
0%
Ashery
0%
Ashley
0%
Ash Ridge
0%
Ashton Crossing
0%
Ashton Village
0%
Ashville
0%
Assumption
0%
Athalia
0%
Athens
0%
Attica
0%
Atwater
0%
Atwood
0%
Auburn
0%
Auglaize
0%
Augusta
0%
Aukerman
0%
Aurelius
0%
Aurora
0%
Austin
0%
Austinburg
0%
Austintown
0%
Ava
0%
Avery
0%
Avis
0%
Avondale
0%
Ayersville
0%
Bachman
0%
Badgertown
0%
Bailey Lakes
0%
Baileys Mills
0%
Bainbridge
0%
Bairdstown
0%
Bakdwin
0%
Bakersville
0%
Ballou
0%
Ballville
0%
Baltic
0%
Baltimore
0%
Bangorville
0%
Bannock
0%
Bantam
0%
Barberton
0%
Barlow
0%
Barnesville
0%
Barnhill
0%
Barrs Mills
0%
Bartlett
0%
Bartlow
0%
Barton
0%
Bascom
0%
Batavia
0%
Batemantown
0%
Batesville
0%
Bath
0%
Baughman
0%
Bayard
0%
Bays
0%
Bay View
0%
Bay Village
0%
Bazetta
0%
Beach City
0%
Beachwood
0%
Beagle
0%
Beallsville
0%
Beamsville
0%
Bear Creek
0%
Bearfield
0%
Beasley Fork
0%
Beatty
0%
Beaumont
0%
Beaver
0%
Beavercreek
0%
Beaverdam
0%
Beavertown
0%
Beckett
0%
Beckett Ridge
0%
Bedford
0%
Bedford Heights
0%
Beebe
0%
Beebetown
0%
Beechwood Trails
0%
Belden
0%
Belfast
0%
Belfort
0%
Bellaire
0%
Bellbrook
0%
Belle Center
0%
Bellefontaine
0%
Bellepoint
0%
Belle Valley
0%
Belle Vernon
0%
Bellevue
0%
Bells
0%
Bellville
0%
Belmont
0%
Belmore
0%
Beloit
0%
Belpre
0%
Ben
0%
Bennetts Corners
0%
Bennington
0%
Bentleyville
0%
Benton
0%
Benton Ridge
0%
Bentonville
0%
Berea
0%
Bergholz
0%
Berkey
0%
Berkshire
0%
Berlin
0%
Berlin Center
0%
Berlin Heights
0%
Bern
0%
Berne
0%
Bernice
0%
Berrysville
0%
Berwick
0%
Bessemer
0%
Bethany
0%
Bethel
0%
Bethesda
0%
Bethlehem
0%
Bettsville
0%
Beulah Beach
0%
Bevan
0%
Beverly
0%
Bevis
0%
Bexley
0%
Bidwell
0%
Big Island
0%
Big Lick
0%
Biglick
0%
Big Plain
0%
Big Prairie
0%
Big Run
0%
Big Spring
0%
Big Springs
0%
Billingstown
0%
Birds Run
0%
Bishopville
0%
Blachleyville
0%
Blackband
0%
Black Creek
0%
Black Horse
0%
Blacklick
0%
Blacklick Estates
0%
Bladensburg
0%
Blaine
0%
Blairsville
0%
Blakeslee
0%
Blanchard
0%
Blanchard Bridge
0%
Blanchester
0%
Blanco
0%
Blendon
0%
Blissfield
0%
Bloom Center
0%
Bloomdale
0%
Bloomer
0%
Bloomfield
0%
Bloomingburg
0%
Bloomingdale
0%
Blooming Grove
0%
Bloominggrove
0%
Bloomingville
0%
Bloom Junction
0%
Bloomville
0%
Blowville
0%
Blue Ash
0%
Blue Ball
0%
Blue Creek
0%
Blue Jay
0%
Blue Rock
0%
Bluffton
0%
Boardman
0%
Boden
0%
Bogart
0%
Bokescreek
0%
Bolindale
0%
Bolivar
0%
Bonn
0%
Bono
0%
Boston Heights
0%
Bostwick
0%
Botkins
0%
Botzum
0%
Boughtonville
0%
Bourneville
0%
Bowerston
0%
Bowersville
0%
Bowlusville
0%
Braceville
0%
Bradford
0%
Bradley
0%
Bradner
0%
Brady
0%
Brady Lake
0%
Bradysville
0%
Braffetsville
0%
Branch Hill
0%
Brandon
0%
Brandon Court
0%
Brandt
0%
Brandywine
0%
Bratenahl
0%
Bratton
0%
Braziers
0%
Brecksville
0%
Brecon
0%
Bremen
0%
Brennersville
0%
Brentwood Lake
0%
Brice
0%
Bridgeport
0%
Bridges
0%
Bridgetown
0%
Bridgeville
0%
Bridgewater
0%
Bridgewater Center
0%
Bridlewood
0%
Briggs
0%
Brighton
0%
Brilliant
0%
Brimfield
0%
Brinley
0%
Bristolville
0%
Broadview Heights
0%
Broadway
0%
Brock
0%
Brokensword
0%
Bronson
0%
Brookfield
0%
Brookfield Center
0%
Brooklyn
0%
Brooklyn Heights
0%
Brook Park
0%
Brookside
0%
Brookside Park
0%
Brookville
0%
Broughton
0%
Brownhelm
0%
Brownstown
0%
Brownsville
0%
Brunersburg
0%
Brunswick
0%
Brunswick Hills
0%
Brush Creek
0%
Brushcreek
0%
Bryan
0%
Buchanan
0%
Buchtel
0%
Buckeye Lake
0%
Buckingham
0%
Buckland
0%
Bucks
0%
Buckskin
0%
Bucyrus
0%
Buena Vista
0%
Buford
0%
Bundysburg
0%
Burbank
0%
Burghill
0%
Burgoon
0%
Burkettsville
0%
Burlingham
0%
Burr Oak
0%
Burton
0%
Burton City
0%
Burtonville
0%
Businessburg
0%
Butler
0%
Butlerville
0%
Byer
0%
Byesville
0%
Byhalia
0%
Byrd
0%
Byron
0%
Cable
0%
Cadiz
0%
Caesarscreek
0%
Cairo
0%
Calcutta
0%
Caldwell
0%
Caledonia
0%
Calla
0%
Calumet
0%
Cambridge
0%
Camden
0%
Cameron
0%
Camp
0%
Campbell
0%
Campbellsport
0%
Campbellstown
0%
Camp Creek
0%
Camp Dennison
0%
Campus Court
0%
Canaan
0%
Canaanville
0%
Canal Fulton
0%
Canal Lewisville
0%
Canal Winchester
0%
Candlewood Lake
0%
Canfield
0%
Cannelville
0%
Cannonsburg
0%
Cannons Mill
0%
Capernaum
0%
Captina
0%
Carbondale
0%
Carbon Hill
0%
Cardington
0%
Carey
0%
Carletonville
0%
Carlisle
0%
Carmel
0%
Caroline
0%
Carpenter
0%
Carroll
0%
Carrollton
0%
Carrothers
0%
Carryall
0%
Carthage
0%
Carthagena
0%
Carysville
0%
Cascade
0%
Cass
0%
Cassella
0%
Casstown
0%
Castalia
0%
Castine
0%
Catawba
0%
Catawba Island
0%
Catawba Station
0%
Cavallo
0%
Cavett
0%
Caywood
0%
Cecil
0%
Cedar Mills
0%
Cedar Springs
0%
Cedar Valley
0%
Cedarville
0%
Cedron
0%
Celeryville
0%
Celina
0%
Centerburg
0%
Center of the World
0%
Centerpoint
0%
Center Village
0%
Cessna
0%
Ceylon
0%
Chagrin Falls
0%
Chalfants
0%
Chambersburg
0%
Champion
0%
Champion Heights
0%
Chandlersville
0%
Chapel Hill
0%
Chardon
0%
Charlestown
0%
Charloe
0%
Charm
0%
Chasetown
0%
Chatfield
0%
Chatham
0%
Chattanooga
0%
Chauncey
0%
Chautauqua
0%
Chenoweth
0%
Cherry Fork
0%
Cherry Grove
0%
Cherry Valley
0%
Chesapeake
0%
Cheshire
0%
Chesterfield
0%
Chesterhill
0%
Chesterland
0%
Chesterville
0%
Cheviot
0%
Chickasaw
0%
Chillicothe
0%
Chilo
0%
Chippewa
0%
Chippewa Lake
0%
Chippewa Park
0%
Choctaw Lake
0%
Chrisman
0%
Christiansburg
0%
Chuckery
0%
Churchill
0%
Churchtown
0%
Cinnamon Lake
0%
Circle Green
0%
Circle Hills
0%
Circleville
0%
Claibourne
0%
Claridon
0%
Clarington
0%
Clarksburg
0%
Clarksfield
0%
Clarkson
0%
Clarktown
0%
Clay Center
0%
Claylick
0%
Claysville
0%
Clear Creek
0%
Clearcreek
0%
Clements
0%
Clermontville
0%
Cleves
0%
Clifton
0%
Climax
0%
Clover
0%
Cloverdale
0%
Clyde
0%
Coal
0%
Coal Grove
0%
Coal Hill
0%
Coal Run
0%
Coalton
0%
Coddingville
0%
Coitsville
0%
Coitsville Center
0%
Colby
0%
Coldstream
0%
Coldwater
0%
Colebrook
0%
Colerain
0%
Colerain Heights
0%
Coletown
0%
Colfax
0%
College
0%
College Corner
0%
Collins
0%
Collinsville
0%
Colton
0%
Columbia Hills Corners
0%
Columbiana
0%
Columbus City
0%
Columbus Grove
0%
Commercial Point
0%
Conant
0%
Concord
0%
Concorde Hills
0%
Condit
0%
Conesville
0%
Congress
0%
Conneaut
0%
Connorville
0%
Conotton
0%
Conover
0%
Constitution
0%
Continental
0%
Convoy
0%
Cook
0%
Coolville
0%
Cooney
0%
Cooper
0%
Cooperdale
0%
Cordelia
0%
Corinth
0%
Cornerville
0%
Corning
0%
Cortland
0%
Cortsville
0%
Corwin
0%
Coshocton
0%
Costonia
0%
Cottage Hill
0%
Covedale
0%
Coventry
0%
Covington
0%
Cow Run
0%
Cozaddale
0%
Craig
0%
Craig Beach
0%
Cranberry
0%
Cranberry Prairie
0%
Crane
0%
Crawford
0%
Crawford Corners
0%
Crayon
0%
Creola
0%
Crescent
0%
Crestline
0%
Creston
0%
Cridersville
0%
Cromers
0%
Crooked Tree
0%
Crooksville
0%
Crosby
0%
Cross Creek
0%
Crossenville
0%
Crosstown
0%
Crosswell
0%
Crosswick
0%
Crow
0%
Crown City
0%
Crownover Mill
0%
Crystal Lakes
0%
Crystal Rock
0%
Crystal Springs
0%
Cuba
0%
Cumberland
0%
Cunningham
0%
Curtice
0%
Custar
0%
Cutler
0%
Cuyahoga Heights
0%
Cygnet
0%
Cynthian
0%
Cynthiana
0%
Dadsville
0%
Daleyville
0%
Dallas
0%
Dallasburg
0%
Dalton
0%
Dalzell
0%
Damascus
0%
Danbury
0%
Danville
0%
Darby
0%
Darbydale
0%
Darbyville
0%
Darlington
0%
Darnell
0%
Darrtown
0%
Dart
0%
Darwin
0%
Dawn
0%
Dawson
0%
Day Heights
0%
Deavertown
0%
Decatur
0%
Decaturville
0%
Deer Creek
0%
Deercreek
0%
Deerfield
0%
Deer Park
0%
Deersville
0%
Defiance
0%
De Graff
0%
Delaware
0%
Delaware City
0%
Delhi
0%
Delhi Hills
0%
Delightful
0%
Delisle
0%
Dellroy
0%
Delmont
0%
Delphi
0%
Delphos
0%
Delshire
0%
Delta
0%
Denmark
0%
Dennison
0%
Denson
0%
Dent
0%
Denver
0%
Depew
0%
Derby
0%
Derwent
0%
Deshler
0%
Deucher
0%
Deunquat
0%
Devil Town
0%
Devola
0%
Deweyville
0%
Dexter City
0%
Deyarmonville
0%
Dialton
0%
Diamond
0%
Digby
0%
Dilles Bottom
0%
Dillon Falls
0%
Dillonvale
0%
Dinsmore
0%
Dipple
0%
Dixon
0%
Dixon, Indiana and Ohio
0%
Doanville
0%
Dodds
0%
Dodo
0%
Dodson
0%
Dodsonville
0%
Dola
0%
Dolly Varden
0%
Donnelsville
0%
Dorninton
0%
Dorset
0%
Douglas
0%
Dowling
0%
Doylestown
0%
Drakesburg
0%
Dresden
0%
Drexel
0%
Dry Ridge
0%
Dry Run
0%
Ducat
0%
Duchouquet
0%
Dudley
0%
Duffy
0%
Dull
0%
Dumontville
0%
Dunbar
0%
Dunbridge
0%
Duncan Falls
0%
Dundas
0%
Dundee
0%
Dungannon
0%
Dunglen
0%
Dunham
0%
Dunkinsville
0%
Dunkirk
0%
Dunlap
0%
Dupont
0%
Durbin
0%
Duvall
0%
Eagle
0%
Eagle City
0%
Eagle Mills
0%
Eagleport
0%
Eagleville
0%
East Cadiz
0%
East Canton
0%
East Carmel
0%
East Claridon
0%
East Cleveland
0%
East Danville
0%
East Fairfield
0%
East Fultonham
0%
East Greenville
0%
Eastlake
0%
East Lewistown
0%
East Liberty
0%
East Liverpool
0%
Easton
0%
East Palestine
0%
Eastport
0%
East Ringgold
0%
East Rochester
0%
East Sparta
0%
East Union
0%
Eastwood
0%
Eaton
0%
Eaton Estates
0%
Ebenezer
0%
Eber
0%
Eckmansville
0%
Eden
0%
Edenton
0%
Edgefield
0%
Edgerton
0%
Edgewood
0%
Edinburg
0%
Edison
0%
Edon
0%
Edwardsville
0%
Egypt
0%
Eifort
0%
Elba
0%
Eldorado
0%
Elery
0%
Elgin
0%
Elida
0%
Elizabeth
0%
Elizabethtown
0%
Elk
0%
Elk Lick
0%
Elkrun
0%
Elkton
0%
Ellis
0%
Ellsworth
0%
Elm Center
0%
Elm Grove
0%
Elmira
0%
Elmore
0%
Elmville
0%
Elmwood
0%
Elmwood Place
0%
El Rose
0%
Emerald
0%
Emerson
0%
Emery
0%
Emmett
0%
Empire
0%
Englewood
0%
Enoch
0%
Enon
0%
Enterprise
0%
Equity
0%
Era
0%
Erastus
0%
Erhart
0%
Eris
0%
Erlin
0%
Erwings Corner
0%
Essex
0%
Etna
0%
Evansport
0%
Evendale
0%
Everett
0%
Evergreen
0%
Ewington
0%
Excello
0%
Fairborn
0%
Fairfax
0%
Fairfield Beach
0%
Fairhaven
0%
Fairplay
0%
Fairpoint
0%
Fairport Harbor
0%
Fairview Park
0%
Falls
0%
Fallsbury
0%
Fargo
0%
Farmdale
0%
Farmer
0%
Farmers
0%
Farmerstown
0%
Farmersville
0%
Farmington
0%
Fayetteville
0%
Fearing
0%
Feesburg
0%
Felicity
0%
Fernwood
0%
Ferry
0%
Fifteen
0%
Fillmore
0%
Fincastle
0%
Finneytown
0%
Fireside
0%
Fitchville
0%
Five Corners
0%
Five Points
0%
Flat Rock
0%
Flatrock
0%
Fleatown
0%
Fleming
0%
Fletcher
0%
Florence
0%
Florida
0%
Flushing
0%
Fly
0%
Folsom
0%
Footville
0%
Foraker
0%
Forest
0%
Forest Park
0%
Forestville
0%
Forgy
0%
Fort Jefferson
0%
Fort Jennings
0%
Fort Loramie
0%
Fort McKinley
0%
Fort Recovery
0%
Fort Seneca
0%
Fort Shawnee
0%
Fosters
0%
Fostoria
0%
Fountain Park
0%
Four Bridges
0%
Fowler
0%
Fowlers Mill
0%
Fox
0%
Frankford
0%
Franklin Furnace
0%
Franklin Square
0%
Frazeysburg
0%
Frederick
0%
Fredericksburg
0%
Fredericktown
0%
Fredonia
0%
Freeburg
0%
Freedom
0%
Freeland
0%
Freeport
0%
Fremont
0%
Frenchtown
0%
Friendship
0%
Friendsville
0%
Frost
0%
Fruitdale
0%
Fruit Hill
0%
Fryburg
0%
Fulda
0%
Fullertown
0%
Fulton
0%
Fultonham
0%
Funk
0%
Gahanna
0%
Galatea
0%
Galena
0%
Galetown
0%
Galion
0%
Galion City
0%
Gallia
0%
Gallipolis
0%
Galloway
0%
Gambier
0%
Ganges
0%
Gann
0%
Gano
0%
Garden
0%
Garfield
0%
Garfield Heights
0%
Garland
0%
Garrettsville
0%
Gasper
0%
Gates Mills
0%
Gavers
0%
Gaysport
0%
Gem
0%
Geneva
0%
Geneva-on-the-Lake
0%
Genoa
0%
Georges Run
0%
Georgesville
0%
Gerald
0%
German
0%
Germano
0%
Germantown
0%
Gettysburg
0%
Geyer
0%
Ghent
0%
Gibisonville
0%
Gibson
0%
Gibsonburg
0%
Gilbert
0%
Gilboa
0%
Gilead
0%
Gillivan
0%
Gilmore
0%
Ginghamsburg
0%
Girard
0%
Gladstone
0%
Glandorf
0%
Glasgow
0%
Glencoe
0%
Glendale
0%
Glendon
0%
Glen Ebon
0%
Glenford
0%
Glenmont
0%
Glenmoor
0%
Glenmore
0%
Glenwillow
0%
Gloria Glens Park
0%
Glouster
0%
Glynwood
0%
Gnadenhutten
0%
Goes Station
0%
Golden Corners
0%
Golf Manor
0%
Gomer
0%
Good Hope
0%
Gordon
0%
Gore
0%
Gorham
0%
Goshen
0%
Gould
0%
Gracey
0%
Grafton
0%
Grand Prairie
0%
Grand Rapids
0%
Grand River
0%
Grandview
0%
Grandview Heights
0%
Grange Hall
0%
Granger
0%
Granville
0%
Granville South
0%
Grape Grove
0%
Grassy Point
0%
Gratiot
0%
Gratis
0%
Grayson
0%
Graystone Villas
0%
Graysville
0%
Graytown
0%
Greenbush
0%
Green Camp
0%
Greencastle
0%
Green Creek
0%
Greendale
0%
Greenfield
0%
Greenford
0%
Greenhills
0%
Green Meadows
0%
Greensburg
0%
Green Springs
0%
Greentown
0%
Greentree Corners
0%
Green Valley
0%
Greenville
0%
Greenwich
0%
Greer
0%
Grelton
0%
Gretna
0%
Griggs Corners
0%
Groesbeck
0%
Groton
0%
Grove City
0%
Groveport
0%
Grover Hill
0%
Guernsey
0%
Guilford
0%
Gurneyville
0%
Gustavus
0%
Gutman
0%
Guyan
0%
Guysville
0%
Gypsum
0%
Hagemans Crossing
0%
Hagler
0%
Hale
0%
Hales Creek
0%
Hallsville
0%
Hambden
0%
Hamburg
0%
Hamden
0%
Hamer
0%
Hamersville
0%
Hamilton
0%
Hamler
0%
Hamley Run
0%
Hammansburg
0%
Hammel and Millgrove
0%
Hammondsville
0%
Hampden
0%
Hanging Rock
0%
Hannibal
0%
Hanover
0%
Hanoverton
0%
Harbor Hills
0%
Harbor View
0%
Hardin
0%
Harding
0%
Hardscrabble
0%
Hardy
0%
Harlan
0%
Harlem
0%
Harlem Springs
0%
Harmony
0%
Harper
0%
Harpersfield
0%
Harpster
0%
Harriettsville
0%
Harris
0%
Harrisburg
0%
Harrison
0%
Harrison Mills
0%
Harrisville
0%
Harrod
0%
Harshaville
0%
Hartford
0%
Hartland
0%
Hartleyville
0%
Hartsburg
0%
Hartsgrove
0%
Hartville
0%
Hartwood
0%
Harveysburg
0%
Haskins
0%
Hassan
0%
Hatton
0%
Havensport
0%
Haverhill
0%
Haviland
0%
Hawks
0%
Haydenville
0%
Hayesville
0%
Haynes
0%
Heath
0%
Heathergreen
0%
Hebardville
0%
Hebron
0%
Hector
0%
Helena
0%
Helmick
0%
Hemlock
0%
Hendrysburg
0%
Henley
0%
Hennings Mill
0%
Henrietta
0%
Henry
0%
Hepburn
0%
Herrick
0%
Hessville
0%
Hibernia
0%
Hickory Corners
0%
Hicksville
0%
Hide-A-Way Hills
0%
Hiett
0%
Higby
0%
Higginsport
0%
High Hill
0%
Highland
0%
Highland Heights
0%
Highland Hills
0%
Highland Holiday
0%
Highlandtown
0%
Highpoint
0%
Hillcrest
0%
Hill Grove
0%
Hilliar
0%
Hilliard
0%
Hills
0%
Hills and Dales
0%
Hillsboro
0%
Hilltop
0%
Hinckley
0%
Hiram
0%
Hiram Rapids
0%
Hoagland
0%
Hoaglin
0%
Hocking
0%
Hockingport
0%
Holden
0%
Holgate
0%
Holiday City
0%
Holiday Lakes
0%
Holiday Valley
0%
Holland
0%
Hollansburg
0%
Holloway
0%
Hollowtown
0%
Holmes
0%
Holmesville
0%
Homer
0%
Homerville
0%
Homeworth
0%
Honesty
0%
Honeytown
0%
Hooker
0%
Hooksburg
0%
Hooven
0%
Hope
0%
Hopedale
0%
Hopetown
0%
Hopewell
0%
Hopkinsville
0%
Horatio
0%
Horton
0%
Hoskinsville
0%
Houcktown
0%
Howard
0%
Howland
0%
Howland Center
0%
Hoytville
0%
Hubbard
0%
Huber
0%
Huber Heights
0%
Huber Ridge
0%
Hudson
0%
Hull Prairie
0%
Humboldt
0%
Hume
0%
Hunt
0%
Hunter
0%
Huntersville
0%
Huntington
0%
Hunting Valley
0%
Huntsburg
0%
Hunts Corners
0%
Huntsville
0%
Huron
0%
Hustead
0%
Hyatts
0%
Iberia
0%
Idaho
0%
Iler
0%
Independence
0%
Ingham
0%
Ingomar
0%
Inlet
0%
Irondale
0%
Ironspot
0%
Ironton
0%
Irville
0%
Irwin
0%
Island Creek
0%
Isle Saint George
0%
Isleta
0%
Israel
0%
Ithaca
0%
Jacksonburg
0%
Jackson Center
0%
Jacobsburg
0%
Jasper
0%
Jasper Mills
0%
Jaybird
0%
Jaysville
0%
Jefferson Estates
0%
Jeffersonville
0%
Jelloway
0%
Jenera
0%
Jennings
0%
Jerome
0%
Jeromesville
0%
Jerry City
0%
Jersey
0%
Jerusalem
0%
Jewell
0%
Jewett
0%
Jimtown
0%
Jobs
0%
Johnsons Corners
0%
Johnston
0%
Johnstown
0%
Johnsville
0%
Jonesboro
0%
Jones City
0%
Jonestown
0%
Joy
0%
Jumbo
0%
Jump
0%
Junction
0%
Junction City
0%
Junior Furnace
0%
Justus
0%
Kalida
0%
Kanauga
0%
Keene
0%
Keith
0%
Kelloggsville
0%
Kemp
0%
Kennard
0%
Kennonsburg
0%
Kenricksville
0%
Kensington
0%
Kenton
0%
Kenwood
0%
Kerr
0%
Kessler
0%
Kettlersville
0%
Key
0%
Kidron
0%
Kieferville
0%
Kilbourne
0%
Kileville
0%
Kilgore
0%
Killbuck
0%
Kimbolton
0%
Kinderhook
0%
Kingman
0%
Kingsbury
0%
Kingscreek
0%
Kings Mills
0%
Kings Mine
0%
Kingston Center
0%
Kingsville
0%
Kinnikinnick
0%
Kinsman
0%
Kinsman Center
0%
Kiousville
0%
Kipling
0%
Kipton
0%
Kirby
0%
Kirkersville
0%
Kirkpatrick
0%
Kirkwood
0%
Kirtland
0%
Kirtland Hills
0%
Kitts Hill
0%
Knaufville
0%
Knockemstiff
0%
Knollwood Village
0%
Knox
0%
Knoxville
0%
Kossuth
0%
Kozy Corners
0%
Kunkle
0%
Kyger
0%
Lacarne
0%
La Croft
0%
Lafferty
0%
LaGrange
0%
Laings
0%
Lake
0%
Lake Buckhorn
0%
Lake Darby
0%
Lake Lakengren
0%
Lakeline
0%
Lake Lorelei
0%
Lake Mohawk
0%
Lakemore
0%
Lake Seneca
0%
Lakeside
0%
Lake Tomahawk
0%
Lakeview
0%
Lakeville
0%
Lake Waynoka
0%
Lakewood
0%
Lamira
0%
Lancaster
0%
Lancaster City
0%
Landeck
0%
Landen
0%
Langan
0%
Lanier
0%
Lansing
0%
LaRue
0%
Latham
0%
Lattasburg
0%
Lattaville
0%
Latty
0%
Laura
0%
Laurel
0%
Laurelville
0%
Lawrence
0%
Lawrenceville
0%
Layhigh
0%
Layland
0%
Layman
0%
Leavittsburg
0%
Leavittsville
0%
Lee
0%
Leesburg
0%
Lees Creek
0%
Leesville
0%
Leetonia
0%
Leipsic
0%
Leistville
0%
Leith
0%
Lemon
0%
Lemoyne
0%
Lena
0%
Lenox
0%
Leonardsburg
0%
Leroy
0%
Letart
0%
Letart Falls
0%
Levanna
0%
Level
0%
Lewis
0%
Lewisburg
0%
Lewis Center
0%
Lewistown
0%
Lewisville
0%
Liberty
0%
Liberty Center
0%
Lick
0%
Licking
0%
Licking View
0%
Lightsville
0%
Lilly Chapel
0%
Limaville
0%
Lime City
0%
Limestone City
0%
Lincoln
0%
Lincoln Heights
0%
Lincoln Village
0%
Lindale
0%
Lindentree
0%
Lindsey
0%
Linndale
0%
Linnville
0%
Linton
0%
Lisbon
0%
Litchfield
0%
Lithopolis
0%
Little Chicago
0%
Little Hocking
0%
Little Sandusky
0%
Little Walnut
0%
Little York
0%
Lloyd
0%
Lloyd Corners
0%
Lloydsville
0%
Lock
0%
Lockbourne
0%
Lockington
0%
Lockland
0%
Lock Port
0%
Lock Seventeen
0%
Lock Two
0%
Lockville
0%
Locust Corner
0%
Locust Grove
0%
Locust Grove,
0%
Locustgrove
0%
Locust Ridge
0%
Lodi
0%
Logan
0%
Logan Elm Village
0%
Logansville
0%
Lombardsville
0%
Londonderry
0%
Long Bottom
0%
Longstreth
0%
Loramie
0%
Lordstown
0%
Lore City
0%
Lostcreek
0%
Louden
0%
Loudon
0%
Loudonville
0%
Louisville
0%
Loveland
0%
Loveland Park
0%
Lovell
0%
Lowell
0%
Lowellville
0%
Lower Newport
0%
Lower Salem
0%
Lucas
0%
Lucasville
0%
Lucerne
0%
Luckey
0%
Ludington
0%
Ludlow
0%
Ludlow Falls
0%
Luhrig
0%
Luke Chute
0%
Lunda
0%
Luray
0%
Luttrell
0%
Lykens
0%
Lyme
0%
Lynchburg
0%
Lyndhurst
0%
Lyndon
0%
Lynn
0%
Lynx
0%
Lyons
0%
Lyra
0%
Lytton
0%
Macedon
0%
Macedonia
0%
Mack
0%
Macksburg
0%
Madeira
0%
Madison Mills
0%
Mad River
0%
Magnetic Springs
0%
Magnolia
0%
Mahoning
0%
Maineville
0%
Malaga
0%
Malinta
0%
Mallet Creek
0%
Malta
0%
Malvern
0%
Manara
0%
Mandale
0%
Mansfield
0%
Mantua
0%
Maple Grove
0%
Maple Heights
0%
Maple Ridge
0%
Mapleton
0%
Maplewood
0%
Maplewood Park
0%
Marathon
0%
Marble Cliff
0%
Marble Furnace
0%
Marblehead
0%
Marchand
0%
Marengo
0%
Margaretta
0%
Maria Stein
0%
Mariemont
0%
Marietta
0%
Marion
0%
Mark
0%
Mark Center
0%
Marlboro
0%
Marne
0%
Marquand Mills
0%
Marseilles
0%
Marshall
0%
Marshallville
0%
Martel
0%
Martin
0%
Martinsburg
0%
Martins Ferry
0%
Martinstown
0%
Martinsville
0%
Marvins Mill
0%
Mary Ann
0%
Marysville
0%
Massie
0%
Massieville
0%
Masury
0%
Matamoras
0%
Mathers Mill
0%
Mattingly Settlement
0%
Matville
0%
Maud
0%
Maumee
0%
Maximo
0%
Maxville
0%
Mayfield Heights
0%
May Hill
0%
Maynard
0%
Maysville
0%
McArthur
0%
McCartyville
0%
McClainville
0%
McClimansville
0%
McClure
0%
McComb
0%
McConnelsville
0%
McCuneville
0%
McCutchenville
0%
McDermott
0%
McDonald
0%
McDonaldsville
0%
McGaw
0%
McGonigle
0%
McGuffey
0%
McKean
0%
McKinley Heights
0%
McLean
0%
McLuney
0%
Meade
0%
Meadow Farm
0%
Mecca
0%
Mechanic
0%
Mechanicsburg
0%
Mechanicstown
0%
Medina City
0%
Medway
0%
Meeker
0%
Meigs
0%
Meigsville
0%
Melbern
0%
Melmore
0%
Melrose
0%
Melvin
0%
Memphis
0%
Mendon
0%
Mentor
0%
Mentor-on-the-Lake
0%
Mentzer
0%
Mercer
0%
Mermill
0%
Mesopotamia
0%
Metamora
0%
Mexico
0%
Meyers Lake
0%
Miami Heights
0%
Miamisburg
0%
Miamitown
0%
Miami Villa
0%
Miamiville
0%
Middle Bass
0%
Middlebourne
0%
Middlebranch
0%
Middleburg
0%
Middleburg Heights
0%
Middlebury
0%
Middlefield
0%
Middle Point
0%
Middleport
0%
Middleton
0%
Midland
0%
Midvale
0%
Midway
0%
Mifflin
0%
Milan
0%
Milford Center
0%
Millbrook
0%
Millbury
0%
Mill Creek
0%
Millcreek
0%
Milledgeville
0%
Miller City
0%
Millersburg
0%
Millersport
0%
Millerstown
0%
Millersville
0%
Millertown
0%
Millfield
0%
Milligan
0%
Millport
0%
Mill Rock
0%
Millville
0%
Millwood
0%
Milton Center
0%
Miltonsburg
0%
Miltonville
0%
Mina
0%
Mineral
0%
Mineral City
0%
Mineral Ridge
0%
Mineral Springs
0%
Minersville
0%
Minerton
0%
Minerva
0%
Minerva Park
0%
Minford
0%
Mingo
0%
Mingo Junction
0%
Minster
0%
Mishler
0%
Mississinawa
0%
Mitchaw
0%
Moats
0%
Modest
0%
Modoc
0%
Moffitt
0%
Mogadore
0%
Mohawk Village
0%
Mohican
0%
Mohicanville
0%
Moline
0%
Monclova
0%
Monday
0%
Monday Creek
0%
Monfort Heights
0%
Monnett
0%
Mononcue
0%
Monroe
0%
Monroe Mills
0%
Monroeville
0%
Monterey
0%
Montezuma
0%
Montgomery
0%
Monticello
0%
Montpelier
0%
Montra
0%
Montrose
0%
Montrose-Ghent
0%
Montville
0%
Moonville
0%
Moorefield
0%
Moore Junction
0%
Moores Fork
0%
Mooresville
0%
Moraine
0%
Moreland
0%
Moreland Hills
0%
Morgan
0%
Morgan Center
0%
Morgandale
0%
Morgan Place
0%
Morgan Run
0%
Morgantown
0%
Morganville
0%
Morges
0%
Morning Sun
0%
Morral
0%
Morris
0%
Morristown
0%
Morrisville
0%
Morrow
0%
Mortimer
0%
Moscow
0%
Moscow Mills
0%
Moss Run
0%
Moulton
0%
Moultrie
0%
Moundsville
0%
Mount Blanchard
0%
Mount Carmel
0%
Mount Carmel Heights
0%
Mount Cory
0%
Mount Eaton
0%
Mount Forest Trails
0%
Mount Gilead
0%
Mount Healthy
0%
Mount Healthy Heights
0%
Mount Holly
0%
Mount Hope
0%
Mount Jefferson
0%
Mount Joy
0%
Mount Liberty
0%
Mount Olive
0%
Mount Orab
0%
Mount Pisgah
0%
Mount Pleasant
0%
Mount Repose
0%
Mount Saint John
0%
Mount Saint Joseph
0%
Mount Sterling
0%
Mount Tabor
0%
Mount Vernon
0%
Mount Victory
0%
Mowrystown
0%
Moxahala
0%
Moxahala Park
0%
Muhlenberg
0%
Mulberry
0%
Mule Town
0%
Mungen
0%
Munroe Falls
0%
Munson
0%
Muntanna
0%
Murdoch
0%
Murray City
0%
Museville
0%
Muskingum
0%
Musselman
0%
Muttonville
0%
Mutual
0%
Myersville
0%
Nankin
0%
Naomi
0%
Napoleon
0%
Nashport
0%
Nashville
0%
Neapolis
0%
Neave
0%
Neelysville
0%
Neffs
0%
Negley
0%
Nellie
0%
Nelson
0%
Nelsonville
0%
Neptune
0%
Nevada
0%
Neville
0%
New Albany
0%
New Alexander
0%
New Alexandria
0%
New Antioch
0%
Newark
0%
New Athens
0%
New Baltimore
0%
New Bavaria
0%
Newbern
0%
Newberry
0%
New Bloomington
0%
New Boston
0%
New Bremen
0%
New Buffalo
0%
Newburgh Heights
0%
New Burlington
0%
Newbury
0%
Newbury Center
0%
New California
0%
New Carlisle
0%
New Castle
0%
Newcastle
0%
New Cleveland
0%
Newcomerstown
0%
New Concord
0%
New Cumberland
0%
New Dover
0%
Newell Run
0%
New Floodwood
0%
New Franklin
0%
New Garden
0%
New Germany
0%
New Hampshire
0%
New Hampton
0%
New Harmony
0%
New Harrisburg
0%
New Harrison
0%
New Haven
0%
New Holland
0%
New Hope
0%
New Jasper
0%
New Jerusalem
0%
New Knoxville
0%
New Lebanon
0%
New Lexington
0%
New London
0%
New Lyme
0%
New Madison
0%
Newman
0%
New Market
0%
New Marshfield
0%
New Martinsburg
0%
New Miami
0%
New Middleton
0%
New Middletown
0%
New Milford
0%
New Moorefield
0%
New Palestine
0%
New Paris
0%
New Petersburg
0%
New Philadelphia
0%
New Pittsburg
0%
New Plymouth
0%
New Princeton
0%
New Reading
0%
New Richland
0%
New Richmond
0%
New Riegel
0%
New Rochester
0%
New Rome
0%
New Rumley
0%
New Russia
0%
New Salem
0%
New Salisbury
0%
New Springfield
0%
New Stark
0%
New Straitsville
0%
New Strasburg
0%
Newton
0%
Newton Falls
0%
Newtown
0%
New Vienna
0%
Newville
0%
New Washington
0%
New Waterford
0%
New Way
0%
New Weston
0%
New Westville
0%
Ney
0%
Nicholsville
0%
Nile
0%
Niles
0%
Nimishillen
0%
Ninemile
0%
Nipgen
0%
Noble
0%
North Baltimore
0%
North Bend
0%
North Benton
0%
North Berne
0%
North Bloomfield
0%
Northbrook
0%
North Canton
0%
North College Hill
0%
North Creek
0%
North Eaton
0%
North Fairfield
0%
Northfield
0%
Northfield Center
0%
North Fork Village
0%
Northgate
0%
North Georgetown
0%
North Greenfield
0%
North Hampton
0%
North Industry
0%
North Jackson
0%
North Kingsville
0%
North Lawrence
0%
North Lewisburg
0%
North Liberty
0%
North Lima
0%
North Madison
0%
North Monroeville
0%
North Olmsted
0%
North Perry
0%
North Randall
0%
Northridge
0%
North Ridgeville
0%
North Robinson
0%
North Royalton
0%
North Salem
0%
North Star
0%
Northville
0%
Northwest
0%
Northwood
0%
North Woodbury
0%
Northwood Park
0%
North Zanesville
0%
Norton
0%
Norwalk
0%
Norwich
0%
Norwood
0%
Nottingham
0%
Nova
0%
Novelty
0%
Oakfield
0%
Oak Grove
0%
Oak Harbor
0%
Oak Hill
0%
Oak Park
0%
Oak Run
0%
Oakshade
0%
Oakwood
0%
Oberlin
0%
Obetz
0%
Oceola
0%
Octa
0%
Ogden
0%
Ohltown
0%
Okeana
0%
Okolona
0%
Olde West Chester
0%
Old Fort
0%
Old Gore
0%
Oldtown
0%
Old Washington
0%
Olena
0%
Olive
0%
Olive Branch
0%
Olive Green
0%
Oliver
0%
Olivesburg
0%
Olmsted
0%
Olmsted Falls
0%
Olney
0%
Omar
0%
Oneida
0%
Ontario
0%
Opperman
0%
Oran
0%
Orange
0%
Orangeville
0%
Orbiston
0%
Orchard Island
0%
Oregonia
0%
Oreton
0%
Orrville
0%
Orwell
0%
Osage
0%
Osgood
0%
Osnaburg
0%
Ostrander
0%
Otsego
0%
Ottawa
0%
Ottawa Hills
0%
Otterbein
0%
Ottokee
0%
Ottoville
0%
Otway
0%
Outville
0%
Oval City
0%
Overpeck
0%
Overton
0%
Owens
0%
Owensville
0%
Padua
0%
Pagetown
0%
Painesville
0%
Painesville-on-the-Lake
0%
Paint
0%
Painter Creek
0%
Paintersville
0%
Palestine
0%
Palmer
0%
Palmyra
0%
Pancoastburg
0%
Pandora
0%
Pansy
0%
Paradise
0%
Paradise Hill
0%
Park Layne
0%
Parkman
0%
Parma Heights
0%
Parral
0%
Parrott
0%
Pasco
0%
Pataskala
0%
Patmos
0%
Patriot
0%
Patten Mills
0%
Patterson
0%
Pattersonville
0%
Paulding
0%
Pawnee
0%
Paxton
0%
Payne
0%
Pease
0%
Pebble
0%
Pedro
0%
Peebles
0%
Pee Pee
0%
Pekin
0%
Pemberton
0%
Pemberville
0%
Penfield
0%
Peninsula
0%
Penn
0%
Pennsville
0%
Peoli
0%
Peoria
0%
Pepper Pike
0%
Perintown
0%
Perkins
0%
Perry
0%
Perry Heights
0%
Perrysburg
0%
Perrysville
0%
Perryton
0%
Petersburg
0%
Pettisville
0%
Pfeiffer
0%
Phalanx
0%
Pharisburg
0%
Pheasant Run
0%
Pherson
0%
Phillipsburg
0%
Philo
0%
Philothea
0%
Phoneton
0%
Pickaway
0%
Pickerington
0%
Pickrelltown
0%
Piedmont
0%
Pierce
0%
Pierpont
0%
Pigeon Creek
0%
Pigeon Run
0%
Pike
0%
Piketon
0%
Pikeville
0%
Piney Fork
0%
Pinkerman
0%
Pioneer
0%
Pipesville
0%
Piqua
0%
Pisgah
0%
Pitchin
0%
Pitsburg
0%
Pitt
0%
Pittsfield
0%
Plain
0%
Plain City
0%
Plainfield
0%
Plainville
0%
Plano
0%
Plantsville
0%
Plattsburgh
0%
Plattsville
0%
Pleasant
0%
Pleasant Bend
0%
Pleasant City
0%
Pleasant Grove
0%
Pleasant Hill
0%
Pleasant Hills
0%
Pleasant Home
0%
Pleasant Plain
0%
Pleasant Run
0%
Pleasant Run Farm
0%
Pleasant View
0%
Pleasantville
0%
Plumwood
0%
Plymouth
0%
Poast Town
0%
Point Isabel
0%
Point Pleasant
0%
Poland
0%
Poland Center
0%
Polk
0%
Polo
0%
Pomeroy
0%
Pond Run
0%
Popes Corners
0%
Poplar Ridge
0%
Portage
0%
Portage Center
0%
Portage Lakes
0%
Port Clinton
0%
Porter
0%
Portersville
0%
Port Homer
0%
Port Jefferson
0%
Portland
0%
Portsmouth
0%
Port Union
0%
Port Washington
0%
Port William
0%
Postboy
0%
Potsdam
0%
Pottersburg
0%
Pottery Addition
0%
Powell
0%
Powellsville
0%
Powhatan Point
0%
Powhattan
0%
Prairie
0%
Pratts Fork
0%
Pravo
0%
Prentiss
0%
Pricetown
0%
Pride
0%
Primrose
0%
Proctorville
0%
Prospect
0%
Providence
0%
Pulaski
0%
Pulaskiville
0%
Pultney
0%
Puritan
0%
Pusheta
0%
Pyrmont
0%
Quaker City
0%
Qualey
0%
Quincy
0%
Raccoon
0%
Racine
0%
Radcliff
0%
Radnor
0%
Ragersville
0%
Rainbow
0%
Rain Rock
0%
Rainsboro
0%
Ramsey
0%
Randolph
0%
Range
0%
Rarden
0%
Ratcliffburg
0%
Ravenna
0%
Rawson
0%
Ray
0%
Rayland
0%
Raymond
0%
Reading
0%
Recovery
0%
Redhaw
0%
Red Lion
0%
Redoak
0%
Redtown
0%
Reed
0%
Reedsburg
0%
Reed's Corner
0%
Reeds Mill
0%
Reedsville
0%
Reedtown
0%
Reesville
0%
Rehoboth
0%
Reily
0%
Reinersville
0%
Relief
0%
Reminderville
0%
Remsen Corners
0%
Rendville
0%
Reno
0%
Republic
0%
Resaca
0%
Revenge
0%
Reynoldsburg
0%
Reynoldsburg City
0%
Richfield
0%
Richfield Center
0%
Rich Hill
0%
Richmond Dale
0%
Richwood
0%
Ridge
0%
Ridgefield
0%
Ridgeville
0%
Ridgeville Corners
0%
Ridgeway
0%
Riley
0%
Rimer
0%
Rinard Mills
0%
Ringgold
0%
Ripley
0%
Risingsun
0%
Rittman
0%
Riverlea
0%
River Styx
0%
Riverview
0%
Rix Mills
0%
Roachester
0%
Roaming Shores
0%
Robertsville
0%
Robins
0%
Robtown
0%
Roche de Boeuf
0%
Rochester
0%
Rockaway
0%
Rockbridge
0%
Rock Camp
0%
Rock Creek
0%
Rockford
0%
Rock Mills
0%
Rockport
0%
Rockville
0%
Rocky Fork
0%
Rocky Fork Point
0%
Rocky Ridge
0%
Rocky River
0%
Rodney
0%
Rogers
0%
Rokeby Lock
0%
Rollersville
0%
Rootstown
0%
Rose
0%
Rosedale
0%
Rose Farm
0%
Rose Hill
0%
Roselms
0%
Rosemont
0%
Rosemount
0%
Roseville
0%
Rosewood
0%
Ross
0%
Rossburg
0%
Rosseau
0%
Rossford
0%
Rossmoyne
0%
Rossville
0%
Roswell
0%
Roundhead
0%
Rowsburg
0%
Roxabell
0%
Roxanna
0%
Roxbury
0%
Royalton
0%
Rudolph
0%
Ruggles
0%
Ruggles Beach
0%
Rumley
0%
Rupert
0%
Rural
0%
Ruraldale
0%
Rural Hill
0%
Rush
0%
Rush Creek
0%
Rushcreek
0%
Rushmore
0%
Rush Run
0%
Rushsylvania
0%
Rushtown
0%
Rushville
0%
Russell
0%
Russell Center
0%
Russells Point
0%
Russellville
0%
Russia
0%
Rutland
0%
Sabina
0%
Sagamore Hills
0%
Saint Charles
0%
Saint Clairsville
0%
Saint James
0%
Saint Johns
0%
Saint Stephens
0%
Salem Center
0%
Salem Heights
0%
Salesville
0%
Saline
0%
Salineville
0%
Salisbury
0%
Saltair
0%
Salt Creek
0%
Saltcreek
0%
Saltillo
0%
Salt Lick
0%
Salt Rock
0%
Samantha
0%
Sampleville
0%
Sandy
0%
Sandy Springs
0%
Sandyville
0%
San Mar Gale
0%
Santa Fe
0%
San Toy
0%
Sarahsville
0%
Sardinia
0%
Sardis
0%
Sargents
0%
Savannah
0%
Savona
0%
Sawyerwood
0%
Saybrook
0%
Schooley
0%
Schumm
0%
Scio
0%
Scioto
0%
Sciotodale
0%
Scioto Estates
0%
Scioto Furnace
0%
Scipio
0%
Scipio, Indiana and Ohio
0%
Scotch Ridge
0%
Scott
0%
Scottown
0%
Scotts Crossing
0%
Scroggsfield
0%
Seal
0%
Seaman
0%
Seamersville
0%
Sebastian
0%
Sebring
0%
Sedan
0%
Sego
0%
Selig
0%
Selma
0%
Seneca
0%
Senecaville
0%
Seven Hills
0%
Seven Mile
0%
Seville
0%
Seville Village
0%
Sewellsville
0%
Shade
0%
Shadyside
0%
Shaker Heights
0%
Shalersville
0%
Shandon
0%
Sharon
0%
Sharon Center
0%
Sharonville
0%
Sharpsburg
0%
Shawnee
0%
Shawnee Hills
0%
Shawtown
0%
Sheffield
0%
Sheffield Lake
0%
Shelby
0%
Sherman
0%
Sherrodsville
0%
Sherwood
0%
Shiloh
0%
Shoreland
0%
Short Creek
0%
Shreve
0%
Siam
0%
Sidney
0%
Signal
0%
Silver Creek
0%
Silvercreek
0%
Silver Lake
0%
Silver Run
0%
Silverton
0%
Sinking Spring
0%
Sippo
0%
Sitka
0%
Six Points
0%
Sixteen Mile Stand
0%
Skyline Acres
0%
Slate Mills
0%
Slocum
0%
Smithfield
0%
Smithville
0%
Smyrna
0%
Snodes
0%
Snow Hill
0%
Socialville
0%
Sodom
0%
Solon
0%
Somerdale
0%
Somerford
0%
Somers
0%
Somerset
0%
Somersville
0%
Somerton
0%
Somerville
0%
Sonora
0%
South Amherst
0%
South Bloomfield
0%
South Bloomingville
0%
South Canal
0%
South Charleston
0%
Southern Point
0%
South Euclid
0%
Southington
0%
South Lebanon
0%
South Newbury
0%
South Olive
0%
South Plymouth
0%
South Point
0%
South Russell
0%
South Salem
0%
South Solon
0%
South Thompson
0%
South Vienna
0%
South Warsaw
0%
South Webster
0%
South Woodbury
0%
Southworth
0%
South Zanesville
0%
Spanker
0%
Spargursville
0%
Sparta
0%
Spencer
0%
Spencer Station
0%
Spencerville
0%
Spiller
0%
Spratt
0%
Sprigg
0%
Springboro
0%
Springcreek
0%
Springdale
0%
Springhills
0%
Spring Valley
0%
Springville
0%
Sprucevale
0%
Stafford
0%
St. Albans
0%
Stanhope
0%
Stanleyville
0%
Starbucktown
0%
Starr
0%
Staunton
0%
St. Bernard
0%
St. Clair
0%
Steam Corners
0%
Steam Furnace
0%
Steamtown
0%
Steinersville
0%
Stelvideo
0%
Sterling
0%
Steuben
0%
Steubenville
0%
Stewart
0%
Stewartsville
0%
St. Henry
0%
Stillwater
0%
Stillwell
0%
St. Louisville
0%
St. Martin
0%
St. Marys
0%
Stock
0%
Stockdale
0%
Stockport
0%
Stokes
0%
Stone Creek
0%
Stonelick
0%
Stony Prairie
0%
Stony Ridge
0%
Storms
0%
Stoutsville
0%
Stovertown
0%
St. Paris
0%
St. Patrick
0%
Strasburg
0%
Stratford
0%
Stratton
0%
Streetsboro
0%
Stringtown
0%
Strongsville
0%
St. Rose
0%
Struthers
0%
Stryker
0%
Suburban Village
0%
Success
0%
Suffield
0%
Sugar Bush Knolls
0%
Sugar Creek
0%
Sugarcreek
0%
Sugar Grove
0%
Sugar Ridge
0%
Sugar Tree Ridge
0%
Sugar Valley
0%
Sullivan
0%
Sulphur Springs
0%
Summerfield
0%
Summerford
0%
Summerside
0%
Summithill
0%
Summitville
0%
Sunbury
0%
Sunbury Village
0%
Sundale
0%
Sunfish
0%
Sunsbury
0%
Superior
0%
Sutton
0%
Swan
0%
Swan Creek
0%
Swander
0%
Swanders
0%
Swanton
0%
Switzerland
0%
Sycamore
0%
Sycamore Valley
0%
Sylvania
0%
Symmes
0%
Syracuse
0%
Tacoma
0%
Tadmor
0%
Talawanda Springs
0%
Tallmadge
0%
Tampico
0%
Tappan
0%
Tarlton
0%
Tate
0%
Tawawa
0%
Taylor
0%
Taylor Creek
0%
Taylorsville
0%
Tedrow
0%
Teegarden
0%
Temperanceville
0%
Terrace Park
0%
Terre Haute
0%
Thacher
0%
Thackery
0%
The Plains
0%
The Village of Indian Hill
0%
Thompson
0%
Thorn
0%
Thornport
0%
Thornville
0%
Three Locks
0%
Thrifton
0%
Thurston
0%
Tick Ridge
0%
Tiffin
0%
Tiltonsville
0%
Timberlake
0%
Tinney
0%
Tipp City
0%
Tippecanoe
0%
Tiro
0%
Tiverton
0%
Tiverton Center
0%
Tobasco
0%
Toboso
0%
Tod
0%
Todds
0%
Tontogany
0%
Torch
0%
Toronto
0%
Townsend
0%
Townwood
0%
Tradersville
0%
Tranquility
0%
Trebein
0%
Tremont City
0%
Triadelphia
0%
Trimble
0%
Trinway
0%
Trombley
0%
Trotwood
0%
Troy
0%
Trumbull
0%
Trump
0%
Truro
0%
Tucson
0%
Tulip
0%
Tully
0%
Tunnel Hill
0%
Tuppers Plains
0%
Turpin Hills
0%
Turtle Creek
0%
Turtlecreek
0%
Tuscarawas
0%
Twenty Mile Stand
0%
Twinsburg Heights
0%
Tylersville
0%
Tymochtee
0%
Tyrone
0%
Tyrrell
0%
Uhrichsville
0%
Union
0%
Union City
0%
Union Furnace
0%
Unionport
0%
Union Station
0%
Uniontown
0%
Unionville
0%
Unionville Center
0%
Uniopolis
0%
Unity
0%
University Heights
0%
Uno
0%
Upper
0%
Upper Arlington
0%
Upper Sandusky
0%
Urbana
0%
Urbancrest
0%
Utica
0%
Utley
0%
Utopia
0%
Vails Corners
0%
Vales Mills
0%
Valley
0%
Valley City
0%
Valley Hi
0%
Valley View
0%
Valleyview
0%
Vanatta
0%
Van Buren
0%
Vandalia
0%
Vanlue
0%
Vans Valley
0%
Van Wert
0%
Vaughnsville
0%
Venedocia
0%
Venice
0%
Vera Cruz
0%
Vermilion
0%
Vermillion
0%
Vernon
0%
Verona
0%
Versailles
0%
Veto
0%
Vickery
0%
Vienna
0%
Vienna Center
0%
Vigo
0%
Villa
0%
Vinton
0%
Violet
0%
Virginia
0%
Wabash
0%
Waco
0%
Wade
0%
Wadsworth
0%
Wagram
0%
Wahlsburg
0%
Wainwright
0%
Waite Hill
0%
Wakatomika
0%
Wakefield
0%
Wakeman
0%
Walbridge
0%
Waldo
0%
Walhonding
0%
Wallace Mills
0%
Walnut
0%
Walnut Creek
0%
Walnut Grove
0%
Walton Hills
0%
Wamsley
0%
Wapakoneta
0%
Ward
0%
Warner
0%
Warnock
0%
Warren
0%
Warrensville Heights
0%
Warrenton
0%
Warsaw
0%
Warwick
0%
Washington Court House
0%
Washington Meadows
0%
Washington Mills
0%
Washingtonville
0%
Waterford
0%
Waterloo
0%
Watertown
0%
Waterville
0%
Watkins
0%
Watson
0%
Wattsville
0%
Wauseon
0%
Waverly
0%
Wayland
0%
Wayne Lakes
0%
Waynesburg
0%
Waynesfield
0%
Waynesville
0%
Weathersfield
0%
Weavers
0%
Webb Summit
0%
Webster
0%
Weems
0%
Weidlers
0%
Weller
0%
Wellington
0%
Wells
0%
Wellston
0%
Wellsville
0%
Welsh
0%
Welshfield
0%
Welsh Hills
0%
Wendelin
0%
Wesley
0%
West Alexandria
0%
West Austintown
0%
Westboro
0%
West Carlisle
0%
West Carrollton
0%
West Charleston
0%
West Chester
0%
West Elkton
0%
Western Star
0%
Westerville
0%
Westerville City
0%
Westfall
0%
West Farmington
0%
Westfield
0%
Westfield Center
0%
West Florence
0%
West Hill
0%
West Independence
0%
West Jefferson
0%
West Lafayette
0%
Westlake
0%
West Lancaster
0%
Westland
0%
West Lebanon
0%
West Leipsic
0%
West Liberty
0%
West Manchester
0%
West Mansfield
0%
West Mecca
0%
West Middletown
0%
West Millgrove
0%
West Milton
0%
Westminster
0%
West Newton
0%
Weston
0%
West Point
0%
West Portsmouth
0%
West Rushville
0%
West Salem
0%
West Sonora
0%
West Union
0%
West Unity
0%
Wetherington
0%
Weymouth
0%
Wharton
0%
Wheatville
0%
Wheelersburg
0%
Wheeling
0%
Whetstone
0%
Whigville
0%
Whipple
0%
Whiskyville
0%
Whisler
0%
White Cottage
0%
White Eyes
0%
Whitehall
0%
Whitehouse
0%
White Oak
0%
Whiteoak
0%
White Oak Valley
0%
Whites Landing
0%
White Sulphur
0%
Whitewater
0%
Whitmore
0%
Wick
0%
Wickliffe
0%
Widowville
0%
Wightmans Grove
0%
Wilberforce
0%
Wilkesville
0%
Wilkins Run
0%
Willard
0%
Williamsburg
0%
Williams Center
0%
Williamsdale
0%
Williamsfield
0%
Williamsport
0%
Williamstown
0%
Williston
0%
Willoughby
0%
Willoughby Hills
0%
Willow Creek
0%
Willowdell
0%
Willowick
0%
Willow Wood
0%
Wills
0%
Wills Creek
0%
Willshire
0%
Wilmington
0%
Wilmot
0%
Wilson
0%
Winameg
0%
Windham
0%
Windsor
0%
Wineland
0%
Winesburg
0%
Winfield
0%
Wingett Run
0%
Wingston
0%
Winona
0%
Winters Station
0%
Wintersville
0%
Wisterman
0%
Withamsville
0%
Wolf
0%
Wolf Creek
0%
Wolfhurst
0%
Wolf Run
0%
Wonderland
0%
Woodbourne-Hyde Park
0%
Woodington
0%
Woodland
0%
Woodlawn
0%
Woodlyn
0%
Woodmere
0%
Woodsdale
0%
Woodsfield
0%
Woodside
0%
Woodstock
0%
Woodville
0%
Woodworth
0%
Wooster
0%
Worstville
0%
Worthington
0%
Wren
0%
Wright-Patterson AFB
0%
Wrightsville
0%
Wyandot
0%
Wyoming
0%
Yale
0%
Yankeeburg
0%
Yankee Lake
0%
Yankeetown
0%
Yatesville
0%
Yellowbud
0%
Yellow Creek
0%
Yellow Springs
0%
Yelverton
0%
Yondota
0%
York Center
0%
Yorkshire
0%
Yorkville
0%
Young Hickory
0%
Youngsville
0%
Zaleski
0%
Zanesfield
0%
Zeno
0%
Zoar
0%
Zoarville
0%
Zuck
0%
No matching quizzes found
Score Distribution
Percent of People with Each Score
Percentile by Number Answered
Your Score History
You have not taken this quiz